|
|
|
|
| LEADER |
00000cam a22000004a 4500 |
| 001 |
musev2_57992 |
| 003 |
MdBmJHUP |
| 005 |
20230905045942.0 |
| 006 |
m o d |
| 007 |
cr||||||||nn|n |
| 008 |
940608s1994 nyu o 00 0 eng d |
| 010 |
|
|
|z 2019725871
|
| 020 |
|
|
|a 9781501726248
|
| 020 |
|
|
|z 9781501726231
|
| 020 |
|
|
|z 9780801430060
|
| 020 |
|
|
|z 9781501727801
|
| 035 |
|
|
|a (OCoLC)1057663575
|
| 040 |
|
|
|a MdBmJHUP
|c MdBmJHUP
|
| 100 |
1 |
|
|a Dolan, Frederick Michael,
|e author.
|
| 245 |
1 |
0 |
|a Allegories of America :
|b Narratives, Metaphysics, Politics /
|c Frederick M. Dolan.
|
| 264 |
|
1 |
|a Ithaca :
|b Cornell University Press,
|c 1994.
|
| 264 |
|
3 |
|a Baltimore, Md. :
|b Project MUSE,
|c 2018
|
| 264 |
|
4 |
|c ©1994.
|
| 300 |
|
|
|a 1 online resource (248 pages).
|
| 336 |
|
|
|a text
|b txt
|2 rdacontent
|
| 337 |
|
|
|a computer
|b c
|2 rdamedia
|
| 338 |
|
|
|a online resource
|b cr
|2 rdacarrier
|
| 490 |
0 |
|
|a Contestations
|
| 505 |
0 |
|
|a The fiction of America - America's critique of reason - Cold War metaphysics - Fiction and the dilemma of postmodern politics - Practicing political theory otherwise.
|
| 506 |
0 |
|
|a Open Access
|f Unrestricted online access
|2 star
|
| 588 |
|
|
|a Description based on print version record.
|
| 650 |
|
7 |
|a Politics and literature.
|2 fast
|0 (OCoLC)fst01069960
|
| 650 |
|
7 |
|a Political science.
|2 fast
|0 (OCoLC)fst01069781
|
| 650 |
|
7 |
|a Political culture.
|2 fast
|0 (OCoLC)fst01069263
|
| 650 |
|
7 |
|a Fiction
|x Political aspects.
|2 fast
|0 (OCoLC)fst00923741
|
| 650 |
|
7 |
|a Allegory.
|2 fast
|0 (OCoLC)fst00805516
|
| 650 |
|
6 |
|a Allegorie.
|
| 650 |
|
6 |
|a Politique et litterature
|z États-Unis.
|
| 650 |
|
6 |
|a Roman
|x Aspect politique
|z États-Unis.
|
| 650 |
|
0 |
|a Allegory.
|
| 650 |
|
0 |
|a Politics and literature
|z United States.
|
| 650 |
|
0 |
|a Fiction
|x Political aspects
|z United States.
|
| 650 |
|
0 |
|a Political science
|z United States
|x History.
|
| 650 |
|
0 |
|a Political culture
|z United States.
|
| 651 |
|
7 |
|a United States.
|2 fast
|0 (OCoLC)fst01204155
|
| 655 |
|
7 |
|a History.
|2 fast
|0 (OCoLC)fst01411628
|
| 655 |
|
7 |
|a Electronic books.
|2 local
|
| 710 |
2 |
|
|a Project Muse.
|e distributor
|
| 830 |
|
0 |
|a Book collections on Project MUSE.
|
| 856 |
4 |
0 |
|z Texto completo
|u https://projectmuse.uam.elogim.com/book/57992/
|